Discographie de System of a Down (1998-2005) - Statistiques

Statistiques générales
  • Ce quiz a été pris 92 fois
  • Le résultat moyen est 31 sur 67
Statistiques - réponses
Réponse % Correct
Toxicity
93%
Chop Suey!
90%
B.Y.O.B.
81%
Aerials
79%
Sugar
79%
Hypnotize
76%
Spiders
76%
Lonely Day
74%
Soldier Side
74%
Prison Song
71%
ATWA
62%
Deer Dance
62%
Cigaro
60%
Forest
60%
Old School Hollywood
60%
Radio/Video
60%
Revenga
57%
Violent Pornography
57%
Bounce
55%
I-E-A-I-A-I-O
55%
Question!
55%
Attack
52%
War?
52%
X
52%
Lost In Hollywood
50%
Needles
50%
Roulette
50%
Boom!
48%
Science
48%
Soldier Side - Intro
48%
Holy Mountains
45%
Jet Pilot
45%
Sad Statue
45%
Shimmy
45%
Arto
43%
Mr.Jack
43%
Vicinity Of Obscenity
43%
Chic ‘N’ Stu
40%
Fuck the System
40%
Suite-Pee
40%
This Cocaine Makes Me Feel Like I’m On This Song
40%
Dreaming
38%
Innervision
38%
Psycho
38%
She’s Like Heroin
38%
Bubbles
33%
Know
33%
Suggestions
33%
36
31%
Darts
31%
Kill Rock ‘n Roll
31%
Peephole
31%
P.L.U.C.K.
31%
Streamline
31%
Thetawaves
31%
CUBErt
29%
DDevil
29%
Ego Brain
29%
Mind
29%
Nüguns
29%
Stealing Society
26%
A.D.D. (American Dream Denial)
24%
Highway Song
24%
Pictures
24%
Soil
24%
U-Fig
24%
Tentative
14%
Aucun quiz correspondant
Distribution des résultats
% des personnes avec chaque résultat
Percentile par nombre de réponses
Votre historique - résultats
Vous n’avez pas pris ce quiz